The marketing imagination : New, expanded edition
Đã lưu trong:
| Tác giả chính: | |
|---|---|
| Định dạng: | Sách |
| Ngôn ngữ: | Undetermined |
| Được phát hành: |
New York
The Free Press
1986
|
| Những chủ đề: | |
| Các nhãn: |
Thêm thẻ
Không có thẻ, Là người đầu tiên thẻ bản ghi này!
|
| Thư viện lưu trữ: | Trung tâm Học liệu Trường Đại học Cần Thơ |
|---|
| LEADER | 00477nam a2200181Ia 4500 | ||
|---|---|---|---|
| 001 | CTU_79122 | ||
| 008 | 210402s9999 xx 000 0 und d | ||
| 082 | |a 658.8 | ||
| 082 | |b L666 | ||
| 100 | |a Levitt, Theodore | ||
| 245 | 4 | |a The marketing imagination : | |
| 245 | 0 | |b New, expanded edition | |
| 245 | 0 | |c Theodore Levitt | |
| 260 | |a New York | ||
| 260 | |b The Free Press | ||
| 260 | |c 1986 | ||
| 650 | |a Marketing | ||
| 980 | |a Trung tâm Học liệu Trường Đại học Cần Thơ | ||